[Event "Senta op 22nd"]
[Site "Senta"]
[Date "2018.07.16"]
[Round "4"]
[White "Popov, Stevan"]
[Black "Milosevic, Milos"]
[Result "0-1"]
[WhiteElo "2134"]
[BlackElo "2315"]
[PlyCount "110"]
[EventDate "2018.07.14"]
[EventType "swiss"]
[EventRounds "9"]
[EventCountry "SRB"]
[SourceTitle "CBM 185 Extra"]
[Source "ChessBase"]
[SourceDate "2018.07.29"]
[SourceVersion "1"]
[SourceVersionDate "2018.07.29"]
[SourceQuality "1"]

1. e4 c5 2. Nf3 d6 3. d4 cxd4 4. Qxd4 Nf6 5. Bg5 Nc6 6. Bb5 Qa5+ 7. Nc3 Qxb5 8. Nxb5 Nxd4 9. Nfxd4 Nxe4 10. Bh4 Kd7 11. f3 Nc5 12. 0-0-0 e5 13. Nf5 d5 14. Ne3 d4 15. Nc4 Kc6 16. Nba3 f6 17. Na5+ Kb6 18. N5c4+ Kc6 19. Na5+ Kc7 20. Bg3 Ne6 21. N5c4 a6 22. Nb1 b5 23. Ncd2 Bb7 24. Nb3 Bd6 25. c3 dxc3 26. Nxc3 Rad8 27. a4 bxa4 28. Nxa4 Bc6 29. Nc3 Bb4 30. Kc2 Bxc3 31. Kxc3 Ba4 32. Ra1 Bxb3 33. Kxb3 Nd4+ 34. Ka2 Kb7 35. Rae1 Rhe8 36. Re4 Nc6 37. Rhe1 Rd2 38. R1e2 Red8 39. Be1 Rxe2 40. Rxe2 Rd1 41. Bc3 Kc7 42. Kb3 Kd6 43. Kc4 g5 44. b3 Rc1 45. Ra2 a5 46. Kd3 Rh1 47. Ke4 Rb1 48. Kf5 Rxb3 49. Bxa5 Ke7 50. Be1 Rb1 51. Bf2 Kf7 52. Kg4 Kg6 53. h4 h5+ 54. Kg3 Rh1 55. Be3 Rxh4 0-1

[Event "Senta op 19th"]
[Site "Senta"]
[Date "2015.07.12"]
[Round "3"]
[White "Juhasz, Jeno"]
[Black "Popov, Stevan"]
[Result "0-1"]
[WhiteElo "1942"]
[BlackElo "2153"]
[PlyCount "88"]
[EventDate "2015.07.11"]
[EventType "swiss"]
[EventRounds "9"]
[EventCountry "SRB"]
[SourceTitle "EXT 2016"]
[Source "ChessBase"]
[SourceDate "2015.10.08"]
[SourceVersion "1"]
[SourceVersionDate "2015.10.08"]
[SourceQuality "1"]

1. Nf3 Nf6 2. c4 e6 3. Nc3 d5 4. e3 Be7 5. b3 0-0 6. Be2 c5 7. 0-0 d4 8. exd4 cxd4 9. Nb5 d3 10. Bxd3 Qxd3 11. Nc7 Na6 12. Nxa8 Bd7 13. Nc7 Nxc7 14. Bb2 Bc6 15. Ne5 Qf5 16. d3 Rd8 17. Qe2 Nd7 18. Nxc6 bxc6 19. Rad1 Nf6 20. Qe3 Bc5 21. d4 Bd6 22. h3 h6 23. Rfe1 a6 24. Bc1 Rc8 25. Qe2 Re8 26. Rd3 e5 27. Rf3 Qg6 28. dxe5 Rxe5 29. Be3 Ne6 30. Qd2 Ne4 31. Qc1 N6g5 32. Bxg5 Rxg5 33. Qe3 Rxg2+ 34. Kf1 Bc5 35. Qf4 Rg1+ 36. Ke2 Rxe1+ 37. Kxe1 Ng5 38. Rc3 Qb1+ 39. Rc1 Qxa2 40. h4 Ne6 41. Qf3 Nd4 42. Qg4 Qxb3 43. Kf1 h5 44. Qg2 Qd3+ 0-1

[Event "Senta op 19th"]
[Site "Senta"]
[Date "2015.07.11"]
[Round "1"]
[White "Lalic, Danka"]
[Black "Popov, Stevan"]
[Result "1-0"]
[WhiteElo "1788"]
[BlackElo "2153"]
[PlyCount "23"]
[EventDate "2015.07.11"]
[EventType "swiss"]
[EventRounds "9"]
[EventCountry "SRB"]
[SourceTitle "EXT 2016"]
[Source "ChessBase"]
[SourceDate "2015.10.08"]
[SourceVersion "1"]
[SourceVersionDate "2015.10.08"]
[SourceQuality "1"]

1. e4 e5 2. Bc4 Nf6 3. d3 Bc5 4. Nc3 d6 5. f4 Ng4 6. f5 Nf2 7. Qh5 0-0 8. Bg5 Qd7 9. Nd5 Nxh1 10. Nf6+ gxf6 11. Bxf6 Bf2+ 12. Ke2 1-0

[Event "Vojvodina-chT"]
[Site "Kac"]
[Date "2014.11.09"]
[Round "3.6"]
[White "Popov, Stevan"]
[Black "Kovacevic, Djordje"]
[Result "1/2-1/2"]
[WhiteElo "2159"]
[BlackElo "2122"]
[PlyCount "35"]
[EventDate "2014.11.08"]
[EventType "team-tourn"]
[EventRounds "11"]
[EventCountry "SRB"]
[SourceTitle "EXT 2017"]
[Source "ChessBase"]
[SourceDate "2016.10.25"]
[SourceVersion "1"]
[SourceVersionDate "2016.10.25"]
[SourceQuality "1"]

1. e4 Nf6 2. Nc3 d5 3. exd5 Nxd5 4. Nge2 e5 5. g3 c5 6. Bg2 Be6 7. 0-0 Nc6 8. d3 Be7 9. f4 0-0 10. f5 Nxc3 11. Nxc3 Bd7 12. Be3 Nd4 13. Bxd4 cxd4 14. Ne4 f6 15. c3 dxc3 16. bxc3 Bc6 17. Qb3+ Kh8 18. Rad1 1/2-1/2

[Event "Senta op 18th"]
[Site "Senta"]
[Date "2014.07.26"]
[Round "9"]
[White "Cvetanovic, Damjan"]
[Black "Popov, Stevan"]
[Result "1-0"]
[WhiteElo "2027"]
[BlackElo "2189"]
[PlyCount "97"]
[EventDate "2014.07.19"]
[EventType "swiss"]
[EventRounds "9"]
[EventCountry "SRB"]
[SourceTitle "CBM 161 Extra"]
[Source "ChessBase"]
[SourceDate "2014.08.29"]
[SourceVersion "1"]
[SourceVersionDate "2014.08.29"]
[SourceQuality "1"]

1. d4 Nf6 2. c4 e6 3. g3 d5 4. Nf3 c6 5. Bg2 Be7 6. 0-0 Nbd7 7. Nbd2 0-0 8. b3 Re8 9. Bb2 b6 10. Ne5 Bb7 11. e4 dxc4 12. Nxd7 Nxd7 13. Nxc4 Qc7 14. Rc1 Rad8 15. Qc2 Qb8 16. Rfe1 Bf8 17. f4 Nf6 18. Ne3 c5 19. d5 exd5 20. Bxf6 gxf6 21. exd5 Qc8 22. Qd1 Qd7 23. Qh5 Bc8 24. f5 Re5 25. Rc4 h6 26. Be4 Qe7 27. Ng4 Rxf5 28. Nxh6+ Bxh6 29. Qxh6 Rdxd5 30. g4 b5 31. gxf5 bxc4 32. Re3 Rd1+ 33. Kf2 Qd6 34. Rg3+ Qxg3+ 35. hxg3 Rd4 36. Qe3 Ba6 37. Bc2 Kg7 38. bxc4 Bxc4 39. Bb3 Bxb3 40. axb3 Rb4 41. Qxc5 Rxb3 42. Qxa7 Rb4 43. Kf3 Rb3+ 44. Kg4 Rb4+ 45. Kh3 Rb3 46. Qd4 Rb5 47. g4 Re5 48. Kg3 Re1 49. g5 1-0

[Event "Vojvodina-chT 2nd League"]
[Site "Stari Banovci"]
[Date "2013.11.05"]
[Round "3"]
[White "Banovic, Ivan"]
[Black "Popov, Stevan"]
[Result "1/2-1/2"]
[WhiteElo "2170"]
[BlackElo "2188"]
[PlyCount "51"]
[EventDate "2013.11.03"]
[EventType "team-tourn"]
[EventRounds "11"]
[EventCountry "SRB"]
[SourceTitle "EXT 2015"]
[Source "ChessBase"]
[SourceDate "2014.11.20"]
[SourceVersion "1"]
[SourceVersionDate "2014.11.20"]
[SourceQuality "1"]

1. d4 Nf6 2. c4 e6 3. Nc3 d5 4. Nf3 c6 5. cxd5 exd5 6. Bg5 Be7 7. Qc2 0-0 8. e3 Nbd7 9. Bd3 Re8 10. 0-0 Nf8 11. Rab1 g6 12. b4 a6 13. a4 Ne6 14. Bh4 Nh5 15. Bxe7 Rxe7 16. Rfc1 Rc7 17. Qb3 Nf6 18. a5 Ne8 19. Na4 Re7 20. Qc3 Nd6 21. Re1 Nb5 22. Bxb5 axb5 23. Nb6 Rb8 24. Ra1 Nc7 25. Nd2 Ne8 26. e4 1/2-1/2

[Event "Senta op-B 17th"]
[Site "Senta"]
[Date "2013.07.16"]
[Round "5"]
[White "Popov, Stevan"]
[Black "Dinic, Nenad"]
[Result "1-0"]
[WhiteElo "2183"]
[BlackElo "2011"]
[PlyCount "35"]
[EventDate "2013.07.13"]
[EventType "swiss"]
[EventRounds "9"]
[EventCountry "SRB"]
[SourceTitle "EXT 2014"]
[Source "ChessBase"]
[SourceDate "2013.11.20"]
[SourceVersion "1"]
[SourceVersionDate "2013.11.20"]
[SourceQuality "1"]

1. e4 c5 2. Nf3 Nf6 3. Nc3 Nc6 4. Bb5 a6 5. Bxc6 bxc6 6. d3 e6 7. 0-0 Be7 8. Bg5 0-0 9. Re1 a5 10. b3 d6 11. e5 Nd5 12. Bxe7 Qxe7 13. exd6 Qxd6 14. Ne4 Qe7 15. c4 Nf4 16. Qd2 Ng6 17. Qe3 Rd8 18. Nxc5 1-0

[Event "Senta op-B 17th"]
[Site "Senta"]
[Date "2013.07.13"]
[Round "1"]
[White "Petrovic, Tijana"]
[Black "Popov, Stevan"]
[Result "0-1"]
[WhiteElo "1632"]
[BlackElo "2183"]
[PlyCount "74"]
[EventDate "2013.07.13"]
[EventType "swiss"]
[EventRounds "9"]
[EventCountry "SRB"]
[SourceTitle "EXT 2014"]
[Source "ChessBase"]
[SourceDate "2013.11.20"]
[SourceVersion "1"]
[SourceVersionDate "2013.11.20"]
[SourceQuality "1"]

1. Nf3 Nf6 2. d4 g6 3. c4 Bg7 4. Nc3 0-0 5. e4 d6 6. Be2 Bg4 7. Be3 c6 8. 0-0 Bxf3 9. Bxf3 Qc7 10. Rc1 Nbd7 11. Qd2 Rfd8 12. h3 a6 13. b4 c5 14. Nd5 Nxd5 15. cxd5 c4 16. a4 b5 17. Qc2 Nb6 18. axb5 axb5 19. Ra1 Ra4 20. Qc3 Rda8 21. Rxa4 Rxa4 22. Ra1 Qa7 23. Rb1 Ra3 24. Qc1 Ra2 25. Bd1 Qa3 26. Qxa3 Rxa3 27. Kf1 Na4 28. Bc2 Kf8 29. Ke1 Ke8 30. Kd2 Ra2 31. f4 Kd7 32. e5 e6 33. dxe6+ fxe6 34. Kc1 Ra3 35. Bf2 Nc3 36. Rb2 Ne2+ 37. Kd2 c3+ 0-1

[Event "SRB-chT2 Vojvodina League"]
[Site "Kac"]
[Date "2012.10.19"]
[Round "8"]
[White "Popov, Stevan"]
[Black "Dumpor, Atif"]
[Result "1/2-1/2"]
[WhiteElo "2204"]
[BlackElo "2359"]
[PlyCount "32"]
[EventDate "2012.10.14"]
[EventType "team-swiss"]
[EventRounds "11"]
[EventCountry "SRB"]
[SourceTitle "EXT 2015"]
[Source "ChessBase"]
[SourceDate "2014.11.20"]
[SourceVersion "1"]
[SourceVersionDate "2014.11.20"]
[SourceQuality "1"]

1. e4 d6 2. d4 Nf6 3. Nc3 g6 4. g3 Bg7 5. Bg2 Nc6 6. Nge2 0-0 7. 0-0 e5 8. dxe5 dxe5 9. Qxd8 Rxd8 10. Bg5 Be6 11. Rfd1 h6 12. Bxf6 Bxf6 13. Nd5 Bxd5 14. exd5 Nd4 15. Nxd4 exd4 16. Rd3 Rd6 1/2-1/2

[Event "SRB-chT2 Vojvodina League"]
[Site "Kac"]
[Date "2012.10.16"]
[Round "4"]
[White "Popov, Stevan"]
[Black "Sertic, Rudolf"]
[Result "0-1"]
[WhiteElo "2204"]
[BlackElo "2397"]
[PlyCount "94"]
[EventDate "2012.10.14"]
[EventType "team-swiss"]
[EventRounds "11"]
[EventCountry "SRB"]
[SourceTitle "EXT 2015"]
[Source "ChessBase"]
[SourceDate "2014.11.20"]
[SourceVersion "1"]
[SourceVersionDate "2014.11.20"]
[SourceQuality "1"]

1. e4 e5 2. Nf3 Nc6 3. Nc3 Nf6 4. Bb5 Nd4 5. Nxd4 exd4 6. e5 dxc3 7. exf6 cxd2+ 8. Bxd2 Qxf6 9. 0-0 Be7 10. Bc3 Qg5 11. Re1 0-0 12. Re5 Qf6 13. Qe2 Bd6 14. Re4 Qh6 15. g3 f5 16. Bc4+ Kh8 17. Re8 Qg6 18. Re1 b6 19. Rxf8+ Bxf8 20. Qf3 c6 21. Re5 d5 22. Bd3 Bd6 23. Re1 Bd7 24. h4 Kg8 25. Bd2 Qg4 26. Kg2 Qxf3+ 27. Kxf3 Kf7 28. Bf4 Bxf4 29. Kxf4 Kf6 30. f3 h6 31. h5 Re8 32. Rxe8 Bxe8 33. Bxf5 Bxh5 34. Bc8 c5 35. c3 g5+ 36. Ke3 Ke5 37. f4+ gxf4+ 38. gxf4+ Kf6 39. Bh3 Bg6 40. a3 h5 41. b4 h4 42. bxc5 bxc5 43. Bg2 Be4 44. Bf1 Bf5 45. Kf3 d4 46. cxd4 cxd4 47. Bc4 Ke7 0-1

[Event "SRB-chT2 Vojvodina League"]
[Site "Kac"]
[Date "2012.10.15"]
[Round "2"]
[White "Petakov, Uros"]
[Black "Popov, Stevan"]
[Result "1/2-1/2"]
[WhiteElo "2338"]
[BlackElo "2204"]
[PlyCount "42"]
[EventDate "2012.10.14"]
[EventType "team-swiss"]
[EventRounds "11"]
[EventCountry "SRB"]
[SourceTitle "EXT 2015"]
[Source "ChessBase"]
[SourceDate "2014.11.20"]
[SourceVersion "1"]
[SourceVersionDate "2014.11.20"]
[SourceQuality "1"]

1. d4 Nf6 2. Nf3 d5 3. e3 e6 4. Bd3 Be7 5. 0-0 0-0 6. b3 b6 7. Bb2 c5 8. Ne5 Bb7 9. Nd2 Nc6 10. f4 Rc8 11. a3 g6 12. Qe2 Ne8 13. Rad1 f5 14. Ndf3 Nxe5 15. Nxe5 Nd6 16. c4 Qc7 17. cxd5 exd5 18. dxc5 bxc5 19. Rc1 Bf6 20. Rc2 Qe7 21. Re1 Nf7 1/2-1/2

[Event "Vojvodina-chT2"]
[Site "Vrbas"]
[Date "2011.10.01"]
[Round "10"]
[White "Topalov, Aleksandar"]
[Black "Popov, Stevan"]
[Result "0-1"]
[WhiteElo "2254"]
[BlackElo "2209"]
[PlyCount "62"]
[EventDate "2011.09.25"]
[EventType "team-tourn"]
[EventRounds "11"]
[EventCountry "SRB"]
[SourceTitle "CBM 144 Extra"]
[Source "ChessBase"]
[SourceDate "2011.10.28"]
[SourceVersion "1"]
[SourceVersionDate "2011.10.28"]
[SourceQuality "1"]

1. b3 Nf6 2. Bb2 e6 3. Nf3 b6 4. g3 Bb7 5. Bg2 Be7 6. 0-0 0-0 7. d3 c5 8. e4 d6 9. Nbd2 Nc6 10. Ne1 Ne8 11. f4 d5 12. f5 Bf6 13. Bxf6 Nxf6 14. g4 h6 15. h4 Nb4 16. g5 hxg5 17. hxg5 Nh7 18. fxe6 fxe6 19. Rxf8+ Nxf8 20. Nef3 dxe4 21. Ne5 Qd4+ 22. Kh1 Qxe5 23. Nxe4 Rd8 24. Qg1 Ng6 25. Re1 Qf4 26. Rf1 Qh4+ 27. Qh2 Rf8 28. Rxf8+ Kxf8 29. Kg1 e5 30. Nd6 Qd4+ 31. Kh1 Bxg2+ 0-1

[Event "Vojvodina-chT2"]
[Site "Vrbas"]
[Date "2011.09.25"]
[Round "1"]
[White "Gavric, Zivojin"]
[Black "Popov, Stevan"]
[Result "1/2-1/2"]
[WhiteElo "2099"]
[BlackElo "2209"]
[PlyCount "55"]
[EventDate "2011.09.25"]
[EventType "team-tourn"]
[EventRounds "11"]
[EventCountry "SRB"]
[SourceTitle "CBM 144 Extra"]
[Source "ChessBase"]
[SourceDate "2011.10.28"]
[SourceVersion "1"]
[SourceVersionDate "2011.10.28"]
[SourceQuality "1"]

1. e4 e5 2. Nf3 Nc6 3. Bb5 a6 4. Bxc6 dxc6 5. d4 exd4 6. Qxd4 Qxd4 7. Nxd4 Bd7 8. Be3 0-0-0 9. Nd2 Re8 10. 0-0-0 c5 11. Ne2 b6 12. Bf4 Bc6 13. f3 Ne7 14. Rhe1 Ng6 15. Bg3 Be7 16. Nf4 Nxf4 17. Bxf4 h6 18. Nc4 Bf6 19. Ne3 Be5 20. Bxe5 Rxe5 21. Rd2 Rhe8 22. Red1 h5 23. c3 g6 24. Nd5 R5e6 25. Nf4 Re5 26. Nd5 R5e6 27. Nf4 Re5 28. Nd5 1/2-1/2

[Event "Senta op-A 15th"]
[Site "Senta"]
[Date "2011.07.17"]
[Round "2"]
[White "Popov, Stevan"]
[Black "Nestorovic, Lazar"]
[Result "0-1"]
[WhiteElo "2219"]
[BlackElo "2428"]
[PlyCount "92"]
[EventDate "2011.07.16"]
[EventType "swiss"]
[EventRounds "9"]
[EventCountry "SRB"]
[SourceTitle "CBM 143 Extra"]
[Source "ChessBase"]
[SourceDate "2011.08.29"]
[SourceVersion "1"]
[SourceVersionDate "2011.08.29"]
[SourceQuality "1"]

1. e4 c5 2. Nf3 e6 3. b3 b6 4. Bb2 Bb7 5. Nc3 d6 6. Bb5+ Nd7 7. 0-0 a6 8. Bxd7+ Qxd7 9. d4 Qc7 10. Re1 Nf6 11. dxc5 dxc5 12. Qe2 Be7 13. e5 Nd5 14. Nxd5 Bxd5 15. c4 Bc6 16. Rad1 0-0 17. Rd3 b5 18. Bc3 a5 19. Nd2 b4 20. Bb2 a4 21. Ne4 Rfd8 22. Nd6 axb3 23. axb3 Ra2 24. Red1 Rda8 25. f4 g6 26. g4 Rf8 27. R1d2 Ba8 28. h4 Qc6 29. Rh3 Rd8 30. f5 Rxb2 31. Rxb2 Bxd6 32. exd6 Qxd6 33. Re3 Qf4 34. fxe6 fxe6 35. Rb1 Rd4 36. Rf1 Qd6 37. Ra1 Bc6 38. Re5 Rd2 39. Qe3 Rg2+ 40. Kf1 Rh2 41. Rxe6 Qf8+ 42. Ke1 Rh1+ 43. Kd2 Rxa1 44. Rxc6 Qd8+ 45. Ke2 Qd1+ 46. Kf2 Qg1+ 0-1

[Event "Senta op-A 15th"]
[Site "Senta"]
[Date "2011.07.16"]
[Round "1"]
[White "Popov, Stevan"]
[Black "Saric, Sinisa"]
[Result "0-1"]
[WhiteElo "2219"]
[BlackElo "2472"]
[PlyCount "82"]
[EventDate "2011.07.16"]
[EventType "swiss"]
[EventRounds "9"]
[EventCountry "SRB"]
[SourceTitle "CBM 143 Extra"]
[Source "ChessBase"]
[SourceDate "2011.08.29"]
[SourceVersion "1"]
[SourceVersionDate "2011.08.29"]
[SourceQuality "1"]

1. e4 d5 2. exd5 Qxd5 3. Nf3 Bg4 4. Be2 Nc6 5. 0-0 Nf6 6. Nc3 Qd7 7. d3 e6 8. Bf4 Bd6 9. Bxd6 cxd6 10. Ne4 Nd5 11. h3 Bh5 12. Qd2 f5 13. Ng3 Bg6 14. c4 Nf6 15. b4 e5 16. b5 Ne7 17. Nh4 0-0 18. f4 Ne8 19. Qc3 Qc7 20. Rac1 Rc8 21. Qd2 Qb6+ 22. Kh2 Nc7 23. fxe5 dxe5 24. Qg5 Qe6 25. Nxg6 hxg6 26. h4 Qd7 27. Rfd1 Ne6 28. Qd2 Qd4 29. Nf1 Qxh4+ 30. Kg1 Nd4 31. Bf3 b6 32. Qe1 Qf6 33. Ne3 Nxf3+ 34. gxf3 Rfd8 35. Rc2 Rd4 36. Ng2 g5 37. Re2 Ng6 38. a4 Rcd8 39. a5 g4 40. fxg4 Rxg4 41. Kf1 Qg5 0-1

[Event "Senta op-A 14th"]
[Site "Senta"]
[Date "2010.07.23"]
[Round "8"]
[White "Popov, Stevan"]
[Black "Nestorovic, Dejan"]
[Result "1/2-1/2"]
[WhiteElo "2208"]
[BlackElo "2423"]
[PlyCount "93"]
[EventDate "2010.07.17"]
[EventType "swiss"]
[EventRounds "9"]
[EventCountry "YUG"]
[SourceTitle "CBM 137 Extra"]
[Source "ChessBase"]
[SourceDate "2010.09.01"]
[SourceVersion "1"]
[SourceVersionDate "2010.09.01"]
[SourceQuality "1"]

1. e4 c5 2. Nf3 e6 3. b3 d6 4. Bb2 Nf6 5. e5 dxe5 6. Nxe5 Be7 7. Bb5+ Nbd7 8. 0-0 0-0 9. Nxd7 Bxd7 10. Bxd7 Qxd7 11. Qf3 Qd5 12. Qe2 Qf5 13. d3 Nd5 14. Nd2 Nb4 15. Ne4 Nc6 16. f4 Nd4 17. Qf2 Rad8 18. Rae1 g6 19. h3 Qd5 20. a4 Rfe8 21. Re3 b6 22. g4 f5 23. Nc3 Qd7 24. Nb5 Bf6 25. Nxd4 cxd4 26. Re2 Qd5 27. Qg2 Kf7 28. Qxd5 Rxd5 29. Kg2 Rc8 30. Kf3 Rc6 31. Rfe1 a6 32. Ba3 Rd8 33. Bb2 Rdc8 34. Rc1 b5 35. g5 Bg7 36. axb5 axb5 37. Ba3 Ra8 38. Bb4 h6 39. gxh6 Bxh6 40. Re5 Rb8 41. Ra1 Rb7 42. Rc5 Rxc5 43. Bxc5 Bg7 44. Ra8 Bf6 45. Rf8+ Kg7 46. Re8 Kf7 47. Rf8+ 1/2-1/2

[Event "Senta op-A 14th"]
[Site "Senta"]
[Date "2010.07.21"]
[Round "6"]
[White "Popov, Stevan"]
[Black "Guzsvany, Arpad"]
[Result "1/2-1/2"]
[WhiteElo "2208"]
[BlackElo "2147"]
[PlyCount "24"]
[EventDate "2010.07.17"]
[EventType "swiss"]
[EventRounds "9"]
[EventCountry "YUG"]
[SourceTitle "CBM 137 Extra"]
[Source "ChessBase"]
[SourceDate "2010.09.01"]
[SourceVersion "1"]
[SourceVersionDate "2010.09.01"]
[SourceQuality "1"]

1. e4 c5 2. Nf3 e6 3. b3 d6 4. Bb2 Nf6 5. e5 dxe5 6. Nxe5 Nbd7 7. Bb5 Bd6 8. Nxd7 Bxd7 9. Bxd7+ Qxd7 10. 0-0 Qc7 11. h3 Bh2+ 12. Kh1 Be5 1/2-1/2

[Event "Senta op-A 14th"]
[Site "Senta"]
[Date "2010.07.18"]
[Round "3"]
[White "Kovacs, Arthur"]
[Black "Popov, Stevan"]
[Result "0-1"]
[WhiteElo "2120"]
[BlackElo "2208"]
[PlyCount "174"]
[EventDate "2010.07.17"]
[EventType "swiss"]
[EventRounds "9"]
[EventCountry "YUG"]
[SourceTitle "CBM 137 Extra"]
[Source "ChessBase"]
[SourceDate "2010.09.01"]
[SourceVersion "1"]
[SourceVersionDate "2010.09.01"]
[SourceQuality "1"]

1. d4 Nf6 2. Nf3 g6 3. c4 Bg7 4. Nc3 0-0 5. e4 d6 6. Be2 c6 7. 0-0 a6 8. a4 a5 9. h3 Na6 10. Be3 Qc7 11. Qd2 Re8 12. Rac1 Nd7 13. Ne1 e5 14. d5 Ndc5 15. Qd1 f5 16. f3 f4 17. Bf2 Qe7 18. Nd3 Nxd3 19. Qxd3 c5 20. Kh2 Bf6 21. g4 fxg3+ 22. Bxg3 Qd7 23. Kg2 Qxh3+ 24. Kf2 Bh4 25. Bxh4 Qxh4+ 26. Ke3 Qf4+ 27. Kf2 Nc7 28. Rh1 Bd7 29. Rcg1 Re7 30. Qe3 Rf8 31. b3 Ref7 32. Qxf4 Rxf4 33. Ke3 Kg7 34. Nd1 h6 35. Rh2 g5 36. Nf2 Ne8 37. Nd3 R4f7 38. Nf2 Nf6 39. Bd1 Ng8 40. Rgh1 Rf6 41. Be2 Ne7 42. Nd3 Rh8 43. Rg1 Ng6 44. Bd1 Nf4 45. Nxf4 Rxf4 46. Be2 Rf6 47. Bd1 Rg6 48. Rh5 Be8 49. Be2 Rf8 50. Rh2 Rf4 51. Rg4 Bd7 52. Rxf4 exf4+ 53. Kd3 Rf6 54. Bd1 Kg6 55. Kd2 h5 56. Rg2 h4 57. Ke1 Kh5 58. Kf2 h3 59. Rg1 Kh4 60. Be2 Rh6 61. Bd1 Kh5 62. Be2 Kg6 63. Re1 Kf6 64. Kg1 Ke5 65. Kh2 Rg6 66. Bd1 Rg7 67. Be2 Kd4 68. Bd1 Kd3 69. Rf1 Kd2 70. Rg1 b6 71. Rf1 Rh7 72. Rg1 Re7 73. Rf1 Rh7 74. Rg1 Rh6 75. Rf1 Be8 76. Rg1 Rh4 77. Rf1 Ke3 78. Rg1 Rh5 79. Rf1 Bf7 80. Rg1 Kf2 81. Rh1 Bg6 82. Rg1 Be8 83. Rh1 Rh7 84. Rg1 Rg7 85. Rh1 Bh5 86. Kxh3 Bxf3 87. Bxf3 Kxf3 0-1

[Event "Senta op-A 14th"]
[Site "Senta"]
[Date "2010.07.18"]
[Round "2"]
[White "Popov, Stevan"]
[Black "Elez, Sinisa"]
[Result "1/2-1/2"]
[WhiteElo "2208"]
[BlackElo "2136"]
[PlyCount "56"]
[EventDate "2010.07.17"]
[EventType "swiss"]
[EventRounds "9"]
[EventCountry "YUG"]
[SourceTitle "CBM 137 Extra"]
[Source "ChessBase"]
[SourceDate "2010.09.01"]
[SourceVersion "1"]
[SourceVersionDate "2010.09.01"]
[SourceQuality "1"]

1. e4 c5 2. Nf3 e6 3. c3 Nf6 4. e5 Nd5 5. c4 Nb6 6. d4 d5 7. exd6 Qxd6 8. Nc3 Na6 9. Nb5 Qd8 10. Be3 Be7 11. dxc5 Bxc5 12. Bxc5 Nxc5 13. b4 Qxd1+ 14. Rxd1 Na6 15. Nd6+ Ke7 16. a3 Nc7 17. Ng5 f6 18. Nge4 Rd8 19. c5 Nbd5 20. Bc4 b6 21. 0-0 bxc5 22. Nxc8+ Raxc8 23. Nxc5 Nb6 24. Bb3 Rxd1 25. Rxd1 Ncd5 26. g3 a5 27. bxa5 Rxc5 28. axb6 Nxb6 1/2-1/2

[Event "Senta op-A 12th"]
[Site "Senta"]
[Date "2008.07.24"]
[Round "8"]
[White "Popov, Stevan"]
[Black "Sutorikhin, Vladimir"]
[Result "1/2-1/2"]
[WhiteElo "2207"]
[BlackElo "2354"]
[PlyCount "85"]
[EventDate "2008.07.18"]
[EventType "swiss"]
[EventRounds "9"]
[EventCountry "YUG"]
[SourceTitle "CBM 125 Extra"]
[Source "ChessBase"]
[SourceDate "2008.09.01"]
[SourceVersion "1"]
[SourceVersionDate "2008.09.01"]
[SourceQuality "1"]

1. e4 c5 2. Nf3 a6 3. c3 d5 4. exd5 Qxd5 5. d4 Nf6 6. Be2 e6 7. 0-0 Nc6 8. Be3 cxd4 9. Nxd4 Nxd4 10. Bxd4 Bc5 11. Bf3 Qd6 12. Bxc5 Qxc5 13. Nd2 0-0 14. Ne4 Nxe4 15. Bxe4 Rb8 16. Qd2 b5 17. a3 Bb7 18. Bxb7 Rxb7 19. Rfd1 h6 20. Qd6 Qa7 21. Rd4 Rc8 22. Rad1 a5 23. g3 Qc5 24. Qa6 Qb6 25. Qxb6 Rxb6 26. Rd8+ Rxd8 27. Rxd8+ Kh7 28. Ra8 a4 29. Rd8 Kg6 30. Kf1 Rc6 31. Ke2 Rc5 32. Rd4 f5 33. f4 Kf6 34. Kf3 g5 35. h3 h5 36. h4 g4+ 37. Kf2 Ke7 38. Ke3 Rc4 39. Kd3 Kf6 40. Ke3 Rc5 41. Kf2 Kf7 42. Rd7+ Kf6 43. Rd4 1/2-1/2

[Event "Senta op-A 12th"]
[Site "Senta"]
[Date "2008.07.18"]
[Round "1"]
[White "Popov, Stevan"]
[Black "Arsovic, Zoran"]
[Result "0-1"]
[WhiteElo "2207"]
[BlackElo "2475"]
[PlyCount "88"]
[EventDate "2008.07.18"]
[EventType "swiss"]
[EventRounds "9"]
[EventCountry "YUG"]
[SourceTitle "CBM 125 Extra"]
[Source "ChessBase"]
[SourceDate "2008.09.01"]
[SourceVersion "1"]
[SourceVersionDate "2008.09.01"]
[SourceQuality "1"]

1. e4 c5 2. Nf3 d6 3. d4 cxd4 4. Qxd4 Nc6 5. Bb5 Bd7 6. Bxc6 Bxc6 7. Nc3 Nf6 8. Bg5 e6 9. 0-0 Be7 10. Rad1 0-0 11. Rfe1 h6 12. Bh4 Qc7 13. Qd3 Rfd8 14. Nd4 Rac8 15. h3 Qb6 16. Nxc6 Rxc6 17. Qd4 a6 18. Qxb6 Rxb6 19. Rb1 g5 20. Bg3 Nh5 21. Bh2 Rc8 22. Red1 Nf4 23. Bxf4 gxf4 24. Rd3 Bf6 25. Ne2 Rxc2 26. Nxf4 Rcxb2 27. Rxb2 Rxb2 28. Nh5 Bd8 29. a3 Kf8 30. g4 Ke7 31. f4 Bb6+ 32. Kh1 Bc5 33. g5 hxg5 34. fxg5 b5 35. e5 dxe5 36. Rc3 Bd4 37. Rc7+ Kd6 38. Rxf7 e4 39. Rf4 Rb1+ 40. Kg2 Rg1+ 41. Kh2 Rxg5 42. Rxe4 Be5+ 43. Nf4 Rf5 44. Kg3 a5 0-1

[Event "YUG-ch"]
[Site "Kladovo"]
[Date "1992.??.??"]
[Round "6"]
[White "Farkas, Tibor"]
[Black "Popov, Stevan"]
[Result "1/2-1/2"]
[WhiteElo "2370"]
[BlackElo "2340"]
[PlyCount "29"]
[EventDate "1992.12.??"]
[EventType "swiss"]
[EventRounds "13"]
[EventCountry "YUG"]
[SourceTitle "EXT 1997"]
[Source "ChessBase"]
[SourceDate "1996.11.15"]
[SourceVersion "1"]
[SourceVersionDate "1996.11.15"]
[SourceQuality "1"]

1. d4 Nf6 2. c4 e6 3. Nc3 d5 4. cxd5 exd5 5. Bg5 Be7 6. e3 0-0 7. Bd3 Re8 8. Qc2 h6 9. Bh4 c6 10. Nge2 Nbd7 11. 0-0 Nf8 12. f3 Ne6 13. Rad1 a5 14. Bf2 Bd7 15. Rfe1 1/2-1/2